000 00652nam a2200193Ii 4500
003 JO-AjNU
008 230605s9999||||xx |||||||||||||| ||und||
040 _aJO-AjNU
_bara
_erda
_cJO-AjNU
041 _aara
050 1 4 _aPJ6073.T3 1900
100 3 _aتاليف تيمور،محمود,
_eauthor
_920823
245 0 0 _aمشكلات اللغة العربية
264 3 1 _aبيروت: المكتبة العصرية،1900
300 _a206ص
336 _atext
_btxt
_2rdacontent
337 _aunmediated
_bn
_2rdamedia
338 _avolume
_bnc
_2rdacarrier
650 4 _aاللغة العربية-اللغة-مشكلات اللغة العربية
_920824
999 _aA7130
_c10698
_d10698